000 00921cam a2200265Ia 4500
001 bodyinvolvo00beck
003 CaSfIA
005 20230525154642.0
007 cr||||
008 890824t19891987nyu 000 1 eng d
010 _a 87015938
040 _aOHI
_cOHI
_dOCLCQ
_dBTCTA
_dCaSfIA
020 _a0804103712 (pbk.) :
_c$3.50 ($4.50 Can.)
020 _a9780804103718 (pbk.)
035 _a(OCoLC)20242295
090 _aPS3552.E248
_bB6 1989x
100 1 _aBeck, K. K.
245 1 4 _aThe body in the Volvo /
_h[electronic resource]
_cK.K. Beck.
250 _a1st Ballantine Books ed.
260 _aNew York :
_bBallantine,
_c1989, c1987.
300 _a202 p. ;
_c18 cm.
500 _a"Ivy books."
856 4 1 _uhttp://www.archive.org/details/bodyinvolvo00beck
_zFree eBook from the Internet Archive
856 4 2 _uhttp://www.openlibrary.org/books/OL24390327M
_zAdditional information and access via Open Library
999 _c16609
_d16609